000 00470nam a2200181Ia 4500
001 18970
005 20260306171709.0
008 260306s9999||||xx |||||||||||||| ||und||
041 _aESP
082 _a658.575
_bR18
100 _aRainey, David L.
_eAUT
245 0 _aProduct innovation:
_bleading change through integrated product development
260 _c2005
300 _a625 páginas :
_c24 cm.
650 _aGEN
654 _aCAN
942 _cLIB
_dJUS
_fJUS
_2ddc
_n
999 _c18970
_d18970